Library of the University of Algiers 3
Ibrahim Sultan Cheibout
شعار جامعة الجزائر 3
مكتبة جامعة الجزائر 3
إبراهيم سلطان شيبوط

تحديد مفهوم استيعاب الاستثمارات المالية العربية في ضوء التشريعات المالية والاقتصادية / (رقم التسجيلة. 42081)

تفاصيل مارك
000 -LEADER
fixed length control field 01635nam a2200241Ia 4500
003 - CONTROL NUMBER IDENTIFIER
control field Ost
005 - DATE AND TIME OF LATEST TRANSACTION
control field 20260507075002.0
008 - FIXED-LENGTH DATA ELEMENTS--GENERAL INFORMATION
fixed length control field 260507s9999||||xx |||||||||||||| ||und||
020 ## - INTERNATIONAL STANDARD BOOK NUMBER
International Standard Book Number 9773790473
040 ## - CATALOGING SOURCE
Transcribing agency fsecg
041 ## - LANGUAGE CODE
Language code of text/sound track or separate title ara
082 ## - DEWEY DECIMAL CLASSIFICATION NUMBER
Classification number 346.092
100 ## - MAIN ENTRY--PERSONAL NAME
Personal name أبوالعلا، يسرى محمد
Relator term مؤلف
245 #0 - TITLE STATEMENT
Title تحديد مفهوم استيعاب الاستثمارات المالية العربية في ضوء التشريعات المالية والاقتصادية /
Statement of responsibility, etc. يسرى محمد أبوالعلا
260 ## - PUBLICATION, DISTRIBUTION, ETC.
Place of publication, distribution, etc. الاسكندرية:
Name of publisher, distributor, etc. دار الفكر الجامعي,
Date of publication, distribution, etc. 2008
300 ## - PHYSICAL DESCRIPTION
Extent 146 صفحة؛
Other physical details إيضاحات ؛
Dimensions 25 سم
504 ## - BIBLIOGRAPHY, ETC. NOTE
Bibliography, etc. note بيبليوغرافيا: ص. 124-135
520 ## - SUMMARY, ETC.
Summary, etc. في هذا الكتاب : القدرة الاستعابية مفهوم القدرة الاستيعابية ، تحديد القدرة الاستيعابية ، امكانيات الاستيعاب الالمتاحة ، تنظيم القدرة على الاستيعاب ، تنمية القدرة الاستيعابية حدود القدرة على الاستيعاب أثار الطاقة الاستيعابية ، دور التشريعات في التاثير عى الطاقة الاستيعابية ، أثر الاستثمار على الطاقة الاستعابية،تنظيم السوق المالية ، المؤسسات الانمائية للاستثارات المالية العربية
653 ## - INDEX TERM--UNCONTROLLED
Uncontrolled term الاستثمار
653 ## - INDEX TERM--UNCONTROLLED
Uncontrolled term الإستثمار-قوانين وتشريعات
653 ## - INDEX TERM--UNCONTROLLED
Uncontrolled term البلدان العربية- الإستثمار
942 ## - ADDED ENTRY ELEMENTS (KOHA)
Koha item type كتب
المقتنيات
Withdrawn status Lost status Source of classification or shelving scheme Damaged status Not for loan Home library Current library Date acquired Serial enumeration / chronology Inventory number Total checkouts Full call number Barcode Date last seen Price effective from Koha item type
    Dewey Decimal Classification   Available مكتبة كلية العلوم الإقتصادية والعلوم التجارية وعلوم التسيير مكتبة كلية العلوم الإقتصادية والعلوم التجارية وعلوم التسيير 07/05/2026 الطابق الأرضي 2104/1   أ/2612ن1 2104/1 07/05/2026 07/05/2026 كتب
    Dewey Decimal Classification   Available مكتبة كلية العلوم الإقتصادية والعلوم التجارية وعلوم التسيير مكتبة كلية العلوم الإقتصادية والعلوم التجارية وعلوم التسيير 07/05/2026 الطابق الأرضي 2104/2   أ/2612ن2 2104/2 07/05/2026 07/05/2026 كتب
    Dewey Decimal Classification   Available مكتبة كلية العلوم الإقتصادية والعلوم التجارية وعلوم التسيير مكتبة كلية العلوم الإقتصادية والعلوم التجارية وعلوم التسيير 07/05/2026 الطابق الأرضي 2104/3   أ/2612ن3 2104/3 07/05/2026 07/05/2026 كتب
    Dewey Decimal Classification   Available مكتبة كلية العلوم الإقتصادية والعلوم التجارية وعلوم التسيير مكتبة كلية العلوم الإقتصادية والعلوم التجارية وعلوم التسيير 07/05/2026 الطابق الثاني 2104/4   أ/2612ن4 2104/4 07/05/2026 07/05/2026 كتب
    Dewey Decimal Classification   Available مكتبة كلية العلوم الإقتصادية والعلوم التجارية وعلوم التسيير مكتبة كلية العلوم الإقتصادية والعلوم التجارية وعلوم التسيير 07/05/2026 الطابق الثاني 2104/5   أ/2612ن5 2104/5 07/05/2026 07/05/2026 كتب
    Dewey Decimal Classification   Available مكتبة كلية العلوم الإقتصادية والعلوم التجارية وعلوم التسيير مكتبة كلية العلوم الإقتصادية والعلوم التجارية وعلوم التسيير 07/05/2026 مكتبة بن عكنون 2104/6   أ/2612ن6 2104/6 07/05/2026 07/05/2026 كتب
    Dewey Decimal Classification   Available مكتبة كلية العلوم الإقتصادية والعلوم التجارية وعلوم التسيير مكتبة كلية العلوم الإقتصادية والعلوم التجارية وعلوم التسيير 07/05/2026 مكتبة بن عكنون 2104/7   أ/2612ن7 2104/7 07/05/2026 07/05/2026 كتب
    Dewey Decimal Classification   Available مكتبة كلية العلوم الإقتصادية والعلوم التجارية وعلوم التسيير مكتبة كلية العلوم الإقتصادية والعلوم التجارية وعلوم التسيير 07/05/2026 مكتبة بن عكنون 2104/8   أ/2612ن8 2104/8 07/05/2026 07/05/2026 كتب

موارد الويب المفتوحة


© University of Algiers 3 All Rights Reserved
|
Implemented by LECHELAH Riad